[Event "4.Nord-West-Cup"]
[Site "?"]
[Date "2002.??.??"]
[Round "6"]
[White "Wahrenberg, Ralf"]
[Black "Zotin, Vladimir"]
[Result "1/2-1/2"]
[WhiteElo "2069"]
[BlackElo "1797"]
[PlyCount "110"]

1. d4 Nf6 2. Nf3 g6 3. c4 Bg7 4. Nc3 c5 5. d5 d6 6. h3 O-O 7. e4 a6 8. a4 Re8
9. Bd3 e6 10. O-O exd5 11. exd5 Nbd7 12. Re1 b6 13. Bf4 Qc7 14. Qd2 Bb7 15.
Rxe8+ Rxe8 16. Re1 Rxe1+ 17. Qxe1 Kf8 18. Qe3 Ne8 19. Bc2 Ndf6 20. b3 Qd7 21.
Ng5 Qe7 22. Nge4 h5 23. Qg3 Nxe4 24. Nxe4 Be5 25. Bxe5 Qxe5 26. Qxe5 dxe5 27.
a5 f5 28. Ng5 Ng7 29. axb6 a5 30. Nf3 e4 31. Ne5 Ke7 32. Nxg6+ Kd6 33. Kh2 Ne8
34. Nf4 Nf6 35. Kg3 Nd7 36. Nxh5 Ke5 37. Nf4 Nxb6 38. Ne6 Kd6 39. Kf4 a4 40.
bxa4 Nxc4 41. Kxf5 Bxd5 42. Nf4 e3 43. fxe3 Nxe3+ 44. Kg6 Nxc2 45. Nxd5 Kxd5
46. h4 Ne3 47. h5 Ng4 48. Kf5 c4 49. Kxg4 c3 50. h6 c2 51. h7 c1=Q 52. h8=Q
Qc4+ 53. Kg5 Qc1+ 54. Kf5 Qc2+ 55. Kf4 Qf2+ 1/2-1/2

[Event "4.Nord-West-Cup"]
[Site "?"]
[Date "2002.??.??"]
[Round "6"]
[White "Issing, Peter"]
[Black "Hank, Holger"]
[Result "1-0"]
[WhiteElo "2253"]
[BlackElo "2054"]
[PlyCount "61"]

1. Nf3 g6 2. c4 Bg7 3. Nc3 e5 4. d4 exd4 5. Nxd4 Nc6 6. Nxc6 bxc6 7. g3 Ne7 8.
Bg2 d6 9. Bg5 f6 10. Bf4 Be6 11. Qa4 O-O 12. O-O Qb8 13. b3 Bd7 14. c5 g5 15.
Bd2 Rd8 16. Rac1 h6 17. Rfd1 d5 18. e4 f5 19. exf5 Nxf5 20. Re1 Qc8 21. Ne2 Re8
22. Bc3 Re7 23. Bxg7 Nxg7 24. Nd4 Rxe1+ 25. Rxe1 Qf8 26. Nxc6 Qxc5 27. Ne7+
Qxe7 28. Rxe7 Bxa4 29. Bxd5+ Kf8 30. Rf7+ Ke8 31. Rxg7 1-0

[Event "4.Nord-West-Cup"]
[Site "?"]
[Date "2002.??.??"]
[Round "6"]
[White "Schmitz-Jordan, Juergen"]
[Black "Pernutz, Hans-Gerhard"]
[Result "1-0"]
[WhiteElo "2090"]
[BlackElo "2191"]
[PlyCount "59"]

1. d4 Nf6 2. Nf3 c5 3. dxc5 e6 4. g3 Bxc5 5. Bg2 O-O 6. O-O Re8 7. c4 Bf8 8.
Nc3 d6 9. Qd3 a6 10. Rd1 Qc7 11. Ng5 Nbd7 12. Nce4 Nxe4 13. Qxe4 Nf6 14. Qd3 h6
15. Ne4 Nxe4 16. Bxe4 Rb8 17. Bf4 e5 18. Bd2 b5 19. cxb5 Rxb5 20. Rac1 Rc5 21.
b4 Rxc1 22. Rxc1 Qa7 23. Rc6 Qb8 24. Qc4 Bb7 25. Rb6 Rc8 26. Qd3 Bxe4 27. Rxb8
Bxd3 28. Rxc8 Bxe2 29. b5 f6 30. b6 1-0

[Event "4.Nord-West-Cup"]
[Site "?"]
[Date "2002.??.??"]
[Round "6"]
[White "Schwarze, Hugo"]
[Black "van Linde, Paul"]
[Result "0-1"]
[WhiteElo "1946"]
[BlackElo "2181"]
[PlyCount "80"]

1. e4 c5 2. Nf3 Nc6 3. c3 Nf6 4. d3 g6 5. Be2 Bg7 6. O-O O-O 7. Be3 d6 8. Qd2
Re8 9. h3 b6 10. Na3 Ba6 11. Nc2 Qc7 12. b3 d5 13. e5 d4 14. cxd4 cxd4 15. Bf4
Nd5 16. Bh6 Nxe5 17. Bxg7 Kxg7 18. Ncxd4 Rac8 19. Rac1 Nxf3+ 20. Bxf3 Qd6 21.
Qg5 e6 22. Qd2 e5 23. Rxc8 Rxc8 24. Bxd5 Qxd5 25. Nf3 Rd8 26. Re1 f6 27. d4 e4
28. Qf4 Bd3 29. Nd2 f5 30. g4 Qd6 31. Qxd6 Rxd6 32. f3 Rxd4 33. fxe4 Bxe4 34.
Nxe4 Rxe4 35. Rd1 fxg4 36. Rd7+ Kh6 37. hxg4 Rxg4+ 38. Kf2 a5 39. a3 Rf4+ 40.
Ke3 Rf6 0-1

[Event "4.Nord-West-Cup"]
[Site "?"]
[Date "2002.??.??"]
[Round "6"]
[White "Fjodorow, Peter"]
[Black "Wichmann, Ralph"]
[Result "1/2-1/2"]
[WhiteElo "2160"]
[BlackElo "1914"]
[PlyCount "86"]

1. e4 c5 2. Nf3 Nc6 3. Bb5 g6 4. Bxc6 bxc6 5. d3 Bg7 6. O-O d6 7. Nc3 e5 8. Bg5
f6 9. Bd2 Ne7 10. Qc1 O-O 11. Ne1 f5 12. f4 exf4 13. Bxf4 fxe4 14. Nxe4 Nd5 15.
c3 Nxf4 16. Rxf4 Bh6 17. Rxf8+ Qxf8 18. Ng5 Qf6 19. h4 Bg4 20. Qe3 Rf8 21. Nc2
Bc8 22. Re1 Ba6 23. d4 Bxg5 24. hxg5 Qf5 25. Qe6+ Qxe6 26. Rxe6 Rf1+ 27. Kh2
Rf2 28. Ne1 cxd4 29. cxd4 Re2 30. Rxe2 Bxe2 31. Kg3 Kf7 32. Kf4 Ke6 33. Ke4 Bc4
34. b3 Bf1 35. g3 Be2 36. Ng2 d5+ 37. Kf4 Bd3 38. Ne3 Be4 39. Ng4 Bb1 40. a3
Kd6 41. b4 Kc7 42. Ke3 Kb6 43. Kd2 a5 1/2-1/2

[Event "4.Nord-West-Cup"]
[Site "?"]
[Date "2002.??.??"]
[Round "6"]
[White "Busch, Christian"]
[Black "Wichelmann, Martin"]
[Result "1/2-1/2"]
[WhiteElo "2112"]
[BlackElo "1975"]
[PlyCount "39"]

1. d4 Nf6 2. Bg5 Ne4 3. Bh4 c5 4. Nd2 Nxd2 5. Qxd2 cxd4 6. Nf3 Nc6 7. Nxd4 Qb6
8. c3 Nxd4 9. cxd4 d5 10. a3 Bf5 11. Rc1 e6 12. Bg3 Bd6 13. Bxd6 Qxd6 14. e3
O-O 15. Bd3 Bxd3 16. Qxd3 Rfc8 17. O-O Rc7 18. Rc3 Rac8 19. Rfc1 Qb6 20. g3
1/2-1/2

[Event "4.Nord-West-Cup"]
[Site "?"]
[Date "2002.??.??"]
[Round "6"]
[White "Mandelbaum, Peter"]
[Black "Walter, Stefan"]
[Result "1/2-1/2"]
[WhiteElo "2101"]
[BlackElo "1943"]
[PlyCount "108"]

1. e4 e5 2. Nf3 Nc6 3. Nc3 Nf6 4. Bb5 Nd4 5. Nxd4 exd4 6. e5 dxc3 7. exf6 Qxf6
8. dxc3 Bc5 9. O-O O-O 10. Bxd7 Rd8 11. Qh5 Bxd7 12. Qxc5 Bc6 13. Qg5 Qxg5 14.
Bxg5 f6 15. Bf4 Rd7 16. Rfe1 Kf7 17. f3 Bd5 18. Rad1 Rad8 19. b3 b5 20. Rd2 c6
21. Rde2 c5 22. Be3 Rc8 23. Rd2 Be6 24. Red1 Rxd2 25. Rxd2 Ke7 26. a3 Rc6 27.
b4 cxb4 28. cxb4 a6 29. Bc5+ Ke8 30. Kf2 Bc4 31. Rd6 Rxd6 32. Bxd6 Kd7 33. Bf8
g6 34. Ke3 h5 35. Kd4 Kc6 36. g4 hxg4 37. fxg4 Be2 38. h3 Bf1 39. h4 Be2 40.
Be7 Bxg4 41. Bxf6 Be6 42. Ke5 Bf7 43. Be7 Bd5 44. Bc5 a5 45. Bf8 axb4 46. axb4
Bf3 47. Kf4 Bd1 48. c3 Bc2 49. Ke5 Bd3 50. Ke6 Bc2 51. Ke7 Kd5 52. Kd7 Kc4 53.
Kc6 Bd3 54. Bg7 Bc2 1/2-1/2

[Event "4.Nord-West-Cup"]
[Site "?"]
[Date "2002.??.??"]
[Round "6"]
[White "Mengler, Marc"]
[Black "Perman, Torvald"]
[Result "1/2-1/2"]
[WhiteElo "1768"]
[BlackElo "2099"]
[PlyCount "37"]

1. e4 c5 2. d3 Nc6 3. g3 g6 4. Bg2 Bg7 5. Nc3 e6 6. f4 Nge7 7. Nf3 d6 8. O-O
O-O 9. g4 f5 10. gxf5 exf5 11. Kh1 b6 12. e5 dxe5 13. Nxe5 Bb7 14. Qe1 Re8 15.
Qg3 Rb8 16. Re1 Nd4 17. Bxb7 Rxb7 18. Qg2 Rc7 19. Be3 1/2-1/2

[Event "4.Nord-West-Cup"]
[Site "?"]
[Date "2002.??.??"]
[Round "6"]
[White "Schmidt, Oliver"]
[Black "Wetjen, Siegfried"]
[Result "1-0"]
[WhiteElo "2087"]
[BlackElo "1894"]
[PlyCount "33"]

1. e4 c5 2. Nf3 Nc6 3. d4 cxd4 4. Nxd4 e6 5. Nc3 a6 6. Be3 d6 7. Qd2 Nf6 8.
O-O-O d5 9. exd5 Nxd5 10. Nxd5 exd5 11. Be2 Be6 12. Nxe6 fxe6 13. Bh5+ g6 14.
Bg4 Kf7 15. Rhe1 Ne5 16. Bg5 Qc7 17. Qf4+ 1-0

[Event "4.Nord-West-Cup"]
[Site "?"]
[Date "2002.??.??"]
[Round "6"]
[White "Kuenitz, Klaus"]
[Black "Haase, Sven"]
[Result "1-0"]
[WhiteElo "2068"]
[BlackElo "1760"]
[PlyCount "103"]

1. Nf3 Nf6 2. c4 e6 3. d4 c5 4. Nc3 a6 5. e4 cxd4 6. Nxd4 Nc6 7. Be3 d6 8. Be2
Bd7 9. O-O Be7 10. Rc1 O-O 11. Qd2 e5 12. Nb3 Rc8 13. f3 Be6 14. Nd5 Bxd5 15.
cxd5 Nb8 16. Rxc8 Qxc8 17. Rc1 Qd7 18. Qc3 Bd8 19. Kf1 Qa4 20. a3 Nbd7 21. Qc4
Nb6 22. Qxa4 Nxa4 23. Rc2 Nd7 24. Nd2 Nab6 25. Nc4 Nxc4 26. Rxc4 f5 27. exf5
Rxf5 28. Rb4 b5 29. a4 Ba5 30. Rb3 bxa4 31. Rb7 Nc5 32. Bxc5 dxc5 33. d6 Bd8
34. Rb8 Rf8 35. Bc4+ Kh8 36. Bxa6 e4 37. Ke2 exf3+ 38. gxf3 Re8+ 39. Kd3 h5 40.
Kc4 Kh7 41. Kxc5 Re5+ 42. Kc6 Bf6 43. Bd3+ g6 44. Rb7+ Kh6 45. Rf7 Bd8 46. Rf8
Ba5 47. d7 Re3 48. Be4 Rb3 49. Ra8 Rb6+ 50. Kc5 Rxb2 51. Rxa5 Rd2 52. Bd5 1-0

[Event "4.Nord-West-Cup"]
[Site "?"]
[Date "2002.??.??"]
[Round "6"]
[White "Merettig, Georg"]
[Black "Jans, Michael"]
[Result "0-1"]
[WhiteElo "1779"]
[BlackElo "2028"]
[PlyCount "46"]

1. g3 g6 2. f4 d6 3. Nf3 Bg7 4. Bg2 c5 5. d4 cxd4 6. Nxd4 Qb6 7. c3 Nc6 8. Nb3
f5 9. Qd3 Nf6 10. Be3 Qc7 11. Na3 Be6 12. Nb5 Qd7 13. O-O-O O-O 14. N5d4 Bf7
15. Nf3 Rac8 16. Ne5 Nxe5 17. fxe5 Ng4 18. exd6 exd6 19. Bd4 Bh6+ 20. Kc2 Rfe8
21. Bf3 Bc4 22. Bd5+ Bxd5 23. Rhe1 Be4 0-1

[Event "4.Nord-West-Cup"]
[Site "?"]
[Date "2002.??.??"]
[Round "6"]
[White "Lorenzen, Bjoern"]
[Black "Teixeira, Jose"]
[Result "1-0"]
[WhiteElo "1983"]
[BlackElo "1751"]
[PlyCount "79"]

1. d4 Nf6 2. Nf3 d6 3. g3 g6 4. Bg2 Bg7 5. O-O O-O 6. c4 c6 7. Nc3 Nbd7 8. e4
e5 9. h3 Re8 10. dxe5 Nxe5 11. Nxe5 dxe5 12. Qe2 Qc7 13. Be3 Be6 14. Rfd1 Rad8
15. b4 Kh8 16. a4 a5 17. Rxd8 Rxd8 18. Rb1 Nd7 19. Bf1 axb4 20. Rxb4 Bf8 21.
Rb1 Bc5 22. Bxc5 Nxc5 23. Qe3 Rd4 24. Ne2 Rxc4 25. Rc1 Rxc1 26. Nxc1 Nxa4 27.
Qa3 c5 28. Qxa4 c4 29. Qb4 Kg7 30. Na2 Qc6 31. Bg2 Qa6 32. Nc3 Qa1+ 33. Kh2 Qe1
34. Qb2 h5 35. h4 b6 36. Nb5 Qa5 37. Qxe5+ Kh7 38. Qb2 Qa4 39. Nd4 b5 40. Qxb5
1-0

[Event "4.Nord-West-Cup"]
[Site "?"]
[Date "2002.??.??"]
[Round "6"]
[White "Nolte, Wilhelm"]
[Black "Woeltge, Carsten"]
[Result "1/2-1/2"]
[WhiteElo "1692"]
[BlackElo "1899"]
[PlyCount "119"]

1. e4 e6 2. d4 d5 3. exd5 exd5 4. Bd3 Qf6 5. Ne2 Bd6 6. Nd2 Bg4 7. Nf1 Ne7 8.
f3 Be6 9. Nfg3 g6 10. c3 h5 11. Be3 h4 12. Nf1 h3 13. Rg1 hxg2 14. Rxg2 Bh3 15.
Rf2 Bxf1 16. Rxf1 Rxh2 17. Qa4+ c6 18. O-O-O Nd7 19. Qc2 O-O-O 20. c4 Rdh8 21.
c5 Bc7 22. b4 Nf5 23. Bxf5 Qxf5 24. Qxf5 gxf5 25. Nc3 R8h3 26. Rde1 Kd8 27. Rg1
Bg3 28. Re2 Rh1 29. Reg2 Rxg1+ 30. Rxg1 f4 31. Bd2 Nf8 32. Ne2 Ne6 33. Kc2 Ke7
34. Kd3 Kf6 35. Rf1 Kf5 36. a4 a6 37. Nc3 Nc7 38. Ne2 Kg5 39. Rg1 Kf5 40. Rf1
f6 41. Nc3 Rh2 42. Ne2 Ne6 43. Bc1 Ng5 44. Bd2 Nh3 45. Nc3 Rf2 46. Rxf2 Bxf2
47. b5 axb5 48. axb5 Ke6 49. bxc6 bxc6 50. Nd1 Bg3 51. Nc3 Ng1 52. Ne2 Nh3 53.
Kc3 Kd7 54. Kd3 f5 55. Kc2 Ng5 56. Nxg3 Nxf3 57. Nxf5 Ke6 58. Ng7+ Kf7 59. Nf5
Ke6 60. Ng7+ 1/2-1/2

[Event "4.Nord-West-Cup"]
[Site "?"]
[Date "2002.??.??"]
[Round "6"]
[White "Fehsenfeld, Frithjof"]
[Black "Carstens, Manfred"]
[Result "1-0"]
[WhiteElo "1881"]
[BlackElo "1689"]
[PlyCount "69"]

1. d4 d5 2. c4 dxc4 3. Nc3 g6 4. e4 Bg7 5. Be3 Nc6 6. d5 Na5 7. Bxc4 Nxc4 8.
Qa4+ Bd7 9. Qxc4 e5 10. Nge2 Ne7 11. O-O O-O 12. f4 Nc8 13. Bc5 Nd6 14. Qb4 a5
15. Qb3 b6 16. Bxd6 cxd6 17. f5 gxf5 18. exf5 Qh4 19. Qxb6 Rab8 20. Qxd6 Rfd8
21. Qa6 Bh6 22. Rf3 f6 23. Rh3 Qg5 24. Rg3 Qxg3 25. Nxg3 Be3+ 26. Kh1 Rb6 27.
Qe2 Bc5 28. Rf1 Rdb8 29. Nge4 Kh8 30. h3 Rxb2 31. Qh5 Kg7 32. Nxf6 Kxf6 33.
Ne4+ Kg7 34. f6+ Kh8 35. Qh6 1-0

[Event "4.Nord-West-Cup"]
[Site "?"]
[Date "2002.??.??"]
[Round "6"]
[White "Spittel, Olaf"]
[Black "Zell, Stefan"]
[Result "1/2-1/2"]
[WhiteElo "1830"]
[BlackElo "1678"]
[PlyCount "118"]

1. Nf3 Nf6 2. c4 e6 3. Nc3 d5 4. d4 c6 5. e3 Nbd7 6. Bd3 dxc4 7. Bxc4 b5 8. Bd3
a6 9. O-O Bb7 10. Ng5 Be7 11. Qf3 h6 12. Qh3 O-O 13. Nf3 b4 14. Ne2 c5 15. Rd1
Qc7 16. dxc5 Nxc5 17. Nfd4 Nxd3 18. Rxd3 Be4 19. Rd1 Rfd8 20. f3 e5 21. fxe4
exd4 22. exd4 Qc2 23. Qd3 Qxd3 24. Rxd3 Nxe4 25. Re3 f5 26. g4 Bg5 27. Rb3 Rac8
28. Bxg5 Nxg5 29. gxf5 Rc2 30. Kf1 Rf8 31. Ng3 Rxh2 32. Rd1 Nh3 33. Rf3 Ng5 34.
Rf2 Rh3 35. Kg2 Rxg3+ 36. Kxg3 Ne4+ 37. Kg2 Nxf2 38. Kxf2 Rxf5+ 39. Ke3 Kf8 40.
Rc1 Ke8 41. Rc7 Rg5 42. Ra7 a5 43. Ke4 h5 44. d5 g6 45. Rxa5 h4 46. a4 Rh5 47.
Rc5 h3 48. Rc1 h2 49. Rh1 Kd7 50. a5 Kd6 51. a6 Rxd5 52. Rxh2 Ra5 53. Rh6 Kc7
54. Rxg6 Ra2 55. Kd5 Rxb2 56. Kc5 Rc2+ 57. Kb5 Rh2 58. Rg7+ Kb8 59. Kxb4 Rh5
1/2-1/2

[Event "4.Nord-West-Cup"]
[Site "?"]
[Date "2002.??.??"]
[Round "6"]
[White "Gorman, Stephen"]
[Black "Korsus, Stephanie"]
[Result "1/2-1/2"]
[WhiteElo "1829"]
[BlackElo "1660"]
[PlyCount "85"]

1. Nf3 c5 2. c4 Nf6 3. Nc3 g6 4. g3 Bg7 5. Bg2 O-O 6. O-O e6 7. d4 cxd4 8. Nxd4
Nc6 9. Ndb5 Ne8 10. c5 a6 11. Nd6 Nxd6 12. cxd6 Qa5 13. Na4 Nd4 14. Re1 Nc2 15.
Bd2 Qxa4 16. b3 Qb5 17. Qxc2 Bxa1 18. Rxa1 Qxe2 19. Re1 Qh5 20. Qc7 Qb5 21. Rc1
Qe2 22. Bh6 Re8 23. Qc3 e5 24. Bf3 Qb5 25. Qe3 Qb4 26. Rd1 Re6 27. Qg5 f6 28.
Qc1 Rxd6 29. Bd5+ Rxd5 30. Rxd5 b5 31. Qd1 Ra7 32. Rd6 Kf7 33. Qd5+ Ke7 34.
Bf8+ Kxf8 35. Rxf6+ Ke7 36. Rf7+ Ke8 37. Rf3 Qe1+ 38. Kg2 Bb7 39. Qg8+ Ke7 40.
Qf8+ Ke6 41. Qg8+ Kd6 42. Qb8+ Ke6 43. Qg8+ 1/2-1/2

[Event "4.Nord-West-Cup"]
[Site "?"]
[Date "2002.??.??"]
[Round "6"]
[White "Frerichs, Manfred"]
[Black "Boehme, Arne"]
[Result "0-1"]
[WhiteElo "1457"]
[BlackElo "1828"]
[PlyCount "76"]

1. e4 e5 2. Nf3 Nc6 3. Bb5 a6 4. Bxc6 dxc6 5. O-O Qd6 6. d3 Bg4 7. Nbd2 f6 8.
Nb3 c5 9. c3 O-O-O 10. Be3 Qxd3 11. Qxd3 Rxd3 12. Bxc5 Bxc5 13. Nxc5 Rd6 14.
Rad1 Ne7 15. Rxd6 cxd6 16. Nb3 Bxf3 17. gxf3 Ng6 18. Kg2 b6 19. Nc1 Nf4+ 20.
Kg1 Kc7 21. Rd1 Rd8 22. Nd3 Nxd3 23. Rxd3 Kd7 24. c4 Rc8 25. Rc3 a5 26. a4 Kc6
27. Kf1 Kc5 28. Ke2 Kb4 29. Rd3 Rxc4 30. Rxd6 Kxa4 31. Rxb6 Rb4 32. Rxb4+ axb4
33. Kd2 Kb3 34. Kc1 Ka2 35. Kc2 b3+ 36. Kc3 g6 37. h3 g5 38. f4 exf4 0-1

[Event "4.Nord-West-Cup"]
[Site "?"]
[Date "2002.??.??"]
[Round "6"]
[White "Muders, Martin"]
[Black "Jenisch, Achim"]
[Result "0-1"]
[WhiteElo "1820"]
[BlackElo "1601"]
[PlyCount "58"]

1. e4 e5 2. Nf3 Nf6 3. Nc3 d6 4. Bc4 Bg4 5. d3 Be7 6. Be3 O-O 7. Qd2 Nbd7 8.
O-O-O Nb6 9. Bb3 Be6 10. Qe2 Bxb3 11. axb3 Qd7 12. h3 a5 13. d4 exd4 14. Nxd4
a4 15. bxa4 Nxa4 16. Nxa4 Rxa4 17. f3 Rfa8 18. Nb3 Qc8 19. Kd2 c5 20. Ra1 c4
21. Rxa4 Rxa4 22. Nd4 d5 23. Nf5 Bc5 24. g4 dxe4 25. Bxc5 Qxc5 26. fxe4 Nxe4+
27. Qxe4 c3+ 28. Kd3 Rxe4 29. Kxe4 Qc6+ 0-1

[Event "4.Nord-West-Cup"]
[Site "?"]
[Date "2002.??.??"]
[Round "6"]
[White "Hurrle, Juergen"]
[Black "Boos, Hanspeter"]
[Result "1/2-1/2"]
[WhiteElo "1797"]
[BlackElo "1585"]
[PlyCount "62"]

1. e4 c5 2. Nf3 Nc6 3. d4 cxd4 4. Nxd4 g6 5. c3 Bg7 6. Be3 a6 7. Bd3 d6 8. O-O
e5 9. Ne2 Be6 10. Nd2 Nge7 11. f4 f5 12. Bc4 d5 13. exd5 Nxd5 14. Bc5 Qc7 15.
fxe5 Nxe5 16. Bd4 Ng4 17. Ng3 O-O-O 18. Bxg7 Qxg7 19. Qa4 Rhe8 20. Rfe1 Nb6 21.
Bxe6+ Rxe6 22. Qc2 Red6 23. Rad1 Qh6 24. Ngf1 Nd5 25. Nc4 R6d7 26. Rxd5 Rxd5
27. Nb6+ Kc7 28. Nxd5+ Rxd5 29. Qe2 Qf8 30. Qe7+ Qxe7 31. Rxe7+ Kd6 1/2-1/2

[Event "4.Nord-West-Cup"]
[Site "?"]
[Date "2002.??.??"]
[Round "6"]
[White "Eden, Wilke"]
[Black "Kerski, Bjoern-Ole"]
[Result "0-1"]
[WhiteElo "1673"]
[BlackElo "1885"]
[PlyCount "110"]

1. e4 d5 2. exd5 Qxd5 3. Nc3 Qa5 4. Nf3 Nf6 5. d4 c6 6. Be2 Bf5 7. O-O e6 8.
Ne5 Nbd7 9. Bf4 Nxe5 10. dxe5 Nd7 11. Bg4 Bxg4 12. Qxg4 Nxe5 13. Bxe5 Qxe5 14.
Rfe1 Qc7 15. Re4 O-O-O 16. Rc4 g6 17. Qe4 Bg7 18. g3 Bxc3 19. Rxc3 e5 20. Re1
Rhe8 21. Qa4 Kb8 22. Re4 Re6 23. Rec4 Red6 24. Rb3 Rd4 25. Qb4 Rxc4 26. Qxc4
Rd1+ 27. Kg2 Qd7 28. Re3 Qd5+ 29. Qxd5 Rxd5 30. Re2 f6 31. Kf3 Kc7 32. g4 Kd6
33. Ke3 Rd4 34. f3 c5 35. c3 Rd1 36. Ke4 Ke6 37. b3 Rc1 38. c4 Rd1 39. Ke3 f5
40. Rf2 f4+ 41. Ke2 Rb1 42. Kd3 g5 43. Rd2 Re1 44. Re2 Rxe2 45. Kxe2 e4 46.
fxe4 Ke5 47. Kf3 h6 48. a3 b6 49. h3 a5 50. a4 Kd4 51. h4 Ke5 52. hxg5 hxg5 53.
Ke2 Kxe4 54. Kf2 f3 55. Kg3 Ke3 0-1

[Event "4.Nord-West-Cup"]
[Site "?"]
[Date "2002.??.??"]
[Round "6"]
[White "Hedke, Manfred"]
[Black "Christophers, Reinhard"]
[Result "1-0"]
[WhiteElo "1800"]
[BlackElo "1603"]
[PlyCount "39"]

1. e4 e5 2. Nf3 f5 3. Nxe5 Nc6 4. Nxc6 dxc6 5. Nc3 Bc5 6. d3 Nf6 7. Be2 O-O 8.
O-O Bd4 9. Bf3 Qd6 10. Be3 Bxc3 11. bxc3 Be6 12. Qc1 Rad8 13. Bf4 Qe7 14. Qb2
b5 15. exf5 Bxf5 16. Bxc6 Nd5 17. Rae1 Qf7 18. Bg3 Kh8 19. Qa3 Be6 20. Bxb5 1-0

[Event "4.Nord-West-Cup"]
[Site "?"]
[Date "2002.??.??"]
[Round "6"]
[White "Roehl, Bernd"]
[Black "Kohlmann, Christian"]
[Result "0-1"]
[WhiteElo "1755"]
[BlackElo "1386"]
[PlyCount "84"]

1. d4 f5 2. c4 e6 3. Nc3 Nf6 4. Bg5 Be7 5. g3 d5 6. Bg2 c6 7. cxd5 exd5 8. Bxf6
Bxf6 9. e3 O-O 10. Qb3 Qb6 11. Qxb6 axb6 12. Nge2 Be6 13. Nf4 Bf7 14. O-O b5
15. a3 Nd7 16. Bh3 g6 17. Nd3 Nb6 18. Rab1 Nc4 19. Rfd1 Be7 20. Bf1 g5 21. Be2
Bd6 22. Ne1 Bg6 23. Bxc4 bxc4 24. f4 g4 25. Kf2 b5 26. Nc2 Ra7 27. Na2 Bf7 28.
Rh1 h5 29. h3 Kg7 30. hxg4 fxg4 31. Rh2 Bg6 32. Rc1 Rh8 33. Ncb4 Rc7 34. Ra1
Ra8 35. Ke2 c3 36. Kd1 cxb2 37. Rxb2 Rxa3 38. Kd2 Bxb4+ 39. Rxb4 Rca7 40. Rb2
b4 41. f5 Bxf5 42. Rf1 Rxa2 0-1

[Event "4.Nord-West-Cup"]
[Site "?"]
[Date "2002.??.??"]
[Round "6"]
[White "Meyer, Eric"]
[Black "Schneider, Florian"]
[Result "0-1"]
[WhiteElo "1483"]
[BlackElo "1748"]
[PlyCount "64"]

1. e4 c5 2. Nf3 d6 3. Nc3 Nc6 4. h3 a6 5. a4 Nf6 6. Be2 e5 7. d3 h6 8. O-O Be6
9. Nh2 g5 10. Ng4 Bg7 11. Nxf6+ Bxf6 12. Bg4 O-O 13. Bxe6 fxe6 14. Ne2 Qd7 15.
c3 d5 16. Qc2 Qf7 17. b3 Rac8 18. Ba3 b6 19. Qb2 a5 20. b4 cxb4 21. cxb4 axb4
22. Bxb4 Nxb4 23. Qxb4 Rc2 24. Rfe1 Be7 25. Qxb6 Bc5 26. Qb3 Qxf2+ 27. Kh1 Rxe2
28. Rxe2 Qxe2 29. exd5 Rf1+ 30. Rxf1 Qxf1+ 31. Kh2 Bg1+ 32. Kh1 Bf2+ 0-1

[Event "4.Nord-West-Cup"]
[Site "?"]
[Date "2002.??.??"]
[Round "6"]
[White "Reinhard, Ralf-Peter"]
[Black "Lukossek, Thomas"]
[Result "0-1"]
[WhiteElo "1400"]
[BlackElo "1732"]
[PlyCount "62"]

1. Nf3 d5 2. g3 g6 3. Bg2 Bg7 4. d4 Nf6 5. O-O O-O 6. Bg5 Ne4 7. Bc1 Nd7 8.
Nbd2 Ndf6 9. Nxe4 Nxe4 10. c3 c6 11. Re1 Qb6 12. Qb3 Qxb3 13. axb3 a6 14. Bf4
f6 15. h4 h6 16. Bd2 Bg4 17. Rad1 Bd7 18. Nh2 Nd6 19. Nf1 a5 20. Ra1 e5 21. e3
e4 22. Rec1 b5 23. Be1 Rfc8 24. Nd2 f5 25. c4 dxc4 26. bxc4 a4 27. c5 Ne8 28.
Nb1 Nf6 29. Ra3 Nd5 30. Nc3 b4 31. Nxd5 bxa3 0-1

[Event "4.Nord-West-Cup"]
[Site "?"]
[Date "2002.??.??"]
[Round "6"]
[White "Hoffmann, Ulrich"]
[Black "Campe, Uwe"]
[Result "1-0"]
[WhiteElo "2109"]
[BlackElo "1766"]
[PlyCount "45"]

1. Nf3 d5 2. c4 e6 3. g3 c5 4. cxd5 exd5 5. d4 Nc6 6. Bg2 Be7 7. O-O Nf6 8. Nc3
O-O 9. dxc5 d4 10. Na4 Bg4 11. h3 Bh5 12. g4 Bg6 13. Bf4 Nd5 14. Bg3 Ndb4 15.
a3 Bc2 16. Qd2 Bxa4 17. axb4 Bb5 18. Rfd1 Bf6 19. g5 Be7 20. h4 Qc8 21. Nxd4
Nxd4 22. Qxd4 Bxe2 23. Re1 1-0

[Event "4.Nord-West-Cup"]
[Site "?"]
[Date "2002.??.??"]
[Round "6"]
[White "Segelken, Peter"]
[Black "Keck, Martin"]
[Result "1/2-1/2"]
[WhiteElo "1656"]
[BlackElo "1555"]
[PlyCount "93"]

1. d4 d5 2. e4 dxe4 3. Nc3 e5 4. d5 c6 5. Qh5 cxd5 6. Qxe5+ Be6 7. Nb5 Kd7 8.
Bf4 Nc6 9. Qc7+ Qxc7 10. Nxc7 Rc8 11. Nxe6 fxe6 12. c3 Bd6 13. Be3 Nf6 14. Be2
a6 15. Nh3 Ne5 16. O-O Nc4 17. Bc1 Be5 18. Rd1 b5 19. Rb1 h6 20. b3 Nd6 21. c4
bxc4 22. bxc4 Nxc4 23. Rb7+ Rc7 24. Rxc7+ Kxc7 25. Bf4 g5 26. Bxe5+ Nxe5 27.
Bxa6 Ra8 28. Rc1+ Kd6 29. Bf1 Rxa2 30. f4 Nd3 31. Bxd3 exd3 32. fxg5 d2 33. Rd1
hxg5 34. Nxg5 Ng4 35. Nf3 Ne3 36. Rxd2 Rxd2 37. Nxd2 Ke5 38. g3 Kf5 39. Kf2
Ng4+ 40. Kg2 e5 41. h3 Ne3+ 42. Kf3 Nc4 43. g4+ Kg5 44. Nxc4 dxc4 45. Ke4 Kh4
46. Ke3 Kg5 47. Ke4 1/2-1/2

[Event "4.Nord-West-Cup"]
[Site "?"]
[Date "2002.??.??"]
[Round "6"]
[White "Meijer, Johannes"]
[Black "van der Veen, Anne"]
[Result "0-1"]
[WhiteElo "1385"]
[BlackElo "1600"]
[PlyCount "50"]

1. d4 e6 2. c4 f5 3. g3 Nf6 4. Bg2 Be7 5. Nc3 O-O 6. Nh3 d6 7. f4 Qe8 8. e4
fxe4 9. Nxe4 Nxe4 10. Bxe4 Nc6 11. O-O Kh8 12. Be3 e5 13. f5 Nxd4 14. g4 c5 15.
Bxd4 cxd4 16. g5 Bd7 17. f6 gxf6 18. Rf3 f5 19. g6 fxe4 20. g7+ Kxg7 21. Rg3+
Kh8 22. Ng5 Bxg5 23. Rxg5 Rg8 24. Qd2 Rxg5+ 25. Qxg5 Qg6 0-1

[Event "4.Nord-West-Cup"]
[Site "?"]
[Date "2002.??.??"]
[Round "6"]
[White "Arora, Manuel"]
[Black "Niemann, Heinrich"]
[Result "1-0"]
[WhiteElo "1428"]
[BlackElo "1590"]
[PlyCount "93"]

1. d4 d5 2. c4 e6 3. Nc3 Nf6 4. Nf3 b6 5. cxd5 Nxd5 6. e4 Nf6 7. Bg5 Be7 8. Bd3
h6 9. Be3 O-O 10. Qd2 Nbd7 11. e5 Ng4 12. Bf4 g5 13. Bg3 h5 14. h3 h4 15. Bxh4
gxh4 16. hxg4 Kg7 17. g3 Rh8 18. Be4 Rb8 19. O-O-O hxg3 20. Rxh8 Qxh8 21. fxg3
Bb7 22. Bxb7 Rxb7 23. Qg2 Qh6+ 24. Kb1 c6 25. Nd2 Rc7 26. Rh1 Qg6+ 27. Qe4 f6
28. Qxg6+ Kxg6 29. exf6 Bxf6 30. Re1 Nf8 31. Nf3 Be7 32. Kc2 Bd8 33. Kd3 Be7
34. Ne2 Bg5 35. Nf4+ Bxf4 36. gxf4 Kf6 37. Ke4 c5 38. d5 Rd7 39. g5+ Kg7 40.
dxe6 Nxe6 41. Kf5 Nf8 42. Kg4 a5 43. f5 Rc7 44. f6+ Kg8 45. Re7 Rc6 46. Rg7+
Kh8 47. Ne5 1-0

[Event "4.Nord-West-Cup"]
[Site "?"]
[Date "2002.??.??"]
[Round "6"]
[White "Ungar, Benedict"]
[Black "van Hove, Ode"]
[Result "1-0"]
[WhiteElo "1576"]
[BlackElo "1485"]
[PlyCount "43"]

1. Nf3 d5 2. c4 Nf6 3. b3 Bg4 4. Ne5 dxc4 5. Nxg4 Nxg4 6. g3 Nxf2 7. Kxf2 Qd4+
8. e3 Qxa1 9. Nc3 cxb3 10. Qxb3 Nd7 11. Bg2 e6 12. Ba3 Qxh1 13. Bxh1 c5 14.
Qxb7 Rb8 15. Qxa7 Rc8 16. Qa6 Rd8 17. Bc6 Be7 18. Qb5 h5 19. Ne4 Rh6 20. Bxc5
Bxc5 21. Nxc5 Rf6+ 22. Ke2 1-0

[Event "4.Nord-West-Cup"]
[Site "?"]
[Date "2002.??.??"]
[Round "6"]
[White "Otte, Klaus"]
[Black "Strunski, Andreas"]
[Result "1-0"]
[WhiteElo "1345"]
[BlackElo "1570"]
[PlyCount "55"]

1. d4 Nf6 2. Nc3 g6 3. e4 d6 4. f4 Bg7 5. e5 dxe5 6. fxe5 Nd5 7. Nge2 Nxc3 8.
Nxc3 O-O 9. Bc4 c5 10. Be3 cxd4 11. Qxd4 Qc7 12. Nd5 Qxe5 13. Qxe5 Bxe5 14.
Nxe7+ Kg7 15. O-O Nc6 16. Nxc6 bxc6 17. Bc5 Rd8 18. Rxf7+ Kh6 19. Bf8+ Kh5 20.
Be2+ Bg4 21. Rxh7+ Kg5 22. Be7+ Kf4 23. Rf1+ Ke3 24. Bxg4 Rh8 25. Bg5+ Ke4 26.
Re7 Kd5 27. Bf3+ Kd6 28. Rd1+ 1-0

[Event "4.Nord-West-Cup"]
[Site "?"]
[Date "2002.??.??"]
[Round "6"]
[White "Kohlmann, Arndt"]
[Black "Stindt, Rolf"]
[Result "0-1"]
[WhiteElo "1178"]
[BlackElo "1557"]
[PlyCount "73"]

1. f4 Nf6 2. Nf3 d6 3. e3 g6 4. Be2 Bg7 5. O-O O-O 6. Nc3 c5 7. b3 Nc6 8. Bb2
Bf5 9. d3 a6 10. e4 Bc8 11. Nh4 Nd4 12. Nf3 Nxe2+ 13. Nxe2 Ng4 14. Qc1 Bxb2 15.
Qxb2 b5 16. Nh4 Qb6 17. f5 Ne5 18. fxg6 hxg6 19. Kh1 Bg4 20. Ng3 e6 21. h3 Qd8
22. Nf3 Bxf3 23. gxf3 Qh4 24. Kg2 Qf4 25. h4 Qd2+ 26. Rf2 Qf4 27. Raf1 f6 28.
h5 Kf7 29. hxg6+ Nxg6 30. Rh1 Rh8 31. Rxh8 Rxh8 32. Qb1 Nh4+ 33. Kh2 Nf5+ 34.
Kg1 Nxg3 35. Qb2 Qh4 36. Rg2 Qh1+ 37. Kf2 0-1